ALM - riadenie aktív a pasív v životnom poistení dizertačná práca

Gespeichert in:
Bibliographische Detailangaben
1. Verfasser: Toncsenková, Andrea
Körperschaft: Ekonomická univerzita v Bratislave. Fakulta hospodárskej informatiky
Weitere Verfasser: Bilíková, Mária, 1951-
Format: Buch
Sprache:Slowakisch
Veröffentlicht: Bratislava 2010
Schlagworte:
Tags: Tag hinzufügen
Keine Tags, Fügen Sie das erste Tag hinzu!

MARC

LEADER 00000nam$a2200000$$$4500
001 0119134
005 20240502072328.4
041 0 |a slo 
044 |a SK 
245 1 0 |a ALM - riadenie aktív a pasív v životnom poistení  |b dizertačná práca  |c Andrea Toncsenková ; škol. Mária Bilíková 
264 1 |a Bratislava  |c 2010 
300 |a 113 s. 
610 2 0 |a poistenie životné 
610 2 0 |a aktíva 
610 2 0 |a pasíva 
100 1 |a Toncsenková, Andrea 
700 1 |a Bilíková, Mária, 1951- 
710 2 |a Ekonomická univerzita v Bratislave. Fakulta hospodárskej informatiky